Auvergne-Rhône-Alpes: villes de plus de 50 000 habitants - Statistiques

Statistiques générales
  • Ce quiz a été pris 77 fois
  • Le résultat moyen est 9 sur 10
Statistiques - réponses
Classement Population Département Nom de la commune % Correct
1 520 000 69 Lyon
100%
2 172 000 42 Saint-Étienne
97%
4 156 000 38 Grenoble
95%
5 147 000 63 Clermont-Ferrand
94%
3 162 000 69 Villeurbanne
94%
6 131 000 74 Annecy
92%
9 60 000 73 Chambéry
89%
8 64 000 26 Valence
84%
7 66 000 69 Vénissieux
68%
10 52 000 69 Vaulx-en-Velin
52%
Aucun quiz correspondant
Distribution des résultats
% des personnes avec chaque résultat
Percentile par nombre de réponses
Votre historique - résultats
Vous n’avez pas pris ce quiz